| 000 | 00577cam a2200229ua 4500 | ||
|---|---|---|---|
| 020 | _c30.00 | ||
| 041 |
_aeng _h |
||
| 082 |
_a621.433 _bKHA/GA |
||
| 100 | _aKhajuria, P R . | ||
| 245 |
_aGas turbines and propulsive systems / _cP.R.Khajuria. _hTextual Documents |
||
| 250 |
_a4 / _b. |
||
| 260 |
_aNew Delhi : _bDhanpat Rai Publishing Co. Pvt. Ltd. , _c1984. |
||
| 300 | _a ; . | ||
| 365 | _a30.00 | ||
| 504 | _a | ||
| 700 | 1 | _aDubey, S P . | |
| 942 | _cBK | ||
| 999 |
_c3132 _d3132 |
||